Canciones de Disney - Estadísticas

Estadísticas generales
  • Esta prueba ha sido intentada 4.958 veces
    4.809 desde el último reinicio
  • La puntuación promedio es 14 de 20
Estadísticas de respuestas
Canción Película % Correcto
«Hakuna matata» El rey león
96%
«Bella» La bella y la bestia
92%
«Hay un amigo en mí» Toy Story
92%
«Un mundo ideal» Aladdín
91%
«Bíbidi Bóbidi Bu» La Cenicienta
90%
«Un poco loco» Coco
85%
«Supercalifragilisticoespialidoso» Mary Poppins
83%
«El ritmo de la jungla» El libro de la selva 2
82%
«No se habla de Bruno» Encanto
73%
«En verano» Frozen
67%
«De cero a héroe» Hércules
64%
«Colores en el viento» Pocahontas
64%
«De nada» Vaiana
64%
«Bésala» La sirenita
62%
«Voy a hacer todo un hombre de ti» Mulán
58%
«Mi sueño es» Enredados
56%
«En mi corazón vivirás» Tarzán
53%
«Breaking Free» High School Musical
43%
«Cruisin' for a Bruisin'» Teen Beach Movie
43%
«Hoedown Throwdown» Hannah Montana: La Película
22%
No se encontraron pruebas coincidentes
Distribución de puntuación
Porcentaje de gente con cada puntuación
Porcentaje por número respondido
Historial de tus puntuaciones
No has intentado esta prueba desde el último reinicio